00733nam a22001697a 4500003000900000008004100009040007100050082002400121100002600145245023600171260003800407300002800445505004300473650001900516650001200535650001600547AR-CdUCM190411b ||||| |||| 00| 0 spa d aMUNICIPALIDAD PROVINCIAL DEL CUSCOcBIBLIOTECA MUNICIPAL DEL CUSCO a345.7 /bD35 / 1956 aDelgado, Pedro Genaro aFormulario, manual y reglamento de jueces de paz, materia civil :bconcordado con el Código de procedimientos civiles, la ley orgánica del poder judicial, la ley del notariado, la Constitución del Perú y el Código civil / aLima :bImpr. El Cóndor,c1956. a215 páginas ;c20 cm. aContenido: Contiene código de aguas. aCódigo civil aDerecho aReglamentos